000 00364 a2200157 4500
001 152362
040 _cEscola São Tomás de Aquino
100 _aCARRASCO, Walcyr
240 1 0 _aO golpe do aniversáriante
_lpor
245 1 0 _aO golpe do aniversáriante
300 _a125
362 0 _a2007
440 1 _aÁtica
697 _a*LITERATURA JUVENIL
942 _cBK
999 _c152362
_d152362